000 00342nam a2200133 4500
999 _c9556
_d9556
003 OSt
005 20210705092038.0
008 210705b ||||| |||| 00| 0 eng d
020 _a9781729604755
082 _a690.383
_bMAH
100 _a Bassem Mulla Mahmoud
245 _aConstruction Technology for High Rise Buildings: Handbook
942 _2ddc